00672nam a2200157 a 450000100100000000500170001000800410002704000250006808200150009324502060010826000400031430000210035404900090037595201130038499900170049700003015320200930060104.0110503s1946 dr 000 0 spa d aDO-SdBNPbspacBNPHU axxxbM528d00aMensaje depositado el 27 de febreo de 1944 en el Congreso Nacional por el presidente de la República Dominicana Gen. Dr. R. L. Trujillo Molina para darle cuenta de su gestión durante el año 1943. aCiudad Trujillo :bMontalvo,c1946. a133 p. ;c24 cm. aBNPD 0010718PDaPDbPDcCTd2011-05-03iLF1l0oxxx M528dp30153-10r2020-06-25w2020-06-25yLFPDZNo se presta c29645d29645